000 00474nam a2200181Ia 4500
005 20250423101216.0
008 250422s9999 xx 000 0 und d
020 _a0816061440
050 _aRC 81 .C66/
100 _aEdited by Richard J. Wagman
245 4 _aThe complete reference guide to medicine and health (Vol. 1)
260 _aNew York
260 _bFacts on File
260 _c2005
300 _a344 p
650 _a Medicine. Health.
942 _cBK
999 _c35615
_d35615